[Event "FIDE Womens Grand Prix 2019-20"]
[Site "Skolkovo"]
[Date "2019.09.11"]
[Round "1.1"]
[White "Cramling, Pia"]
[Black "Ju, Wenjun"]
[Result "0-1"]
[WhiteElo "2487"]
[BlackElo "2576"]
[Annotator "ChessBase"]
[PlyCount "128"]
[EventDate "2019.09.11"]
[EventType "tourn"]
[EventCountry "RUS"]
[SourceTitle "playchess.com"]
[Source "ChessBase"]
[SourceQuality "1"]
[TimeControl "40/5400+30:1800+30"]

1. d4 {[%emt 0:00:00]} Nf6 {[%emt 0:00:00]} 2. Bg5 {[%emt 0:00:00]} d5 {[%emt 0:00:00]} 3. Bxf6 {[%emt 0:00:14]} gxf6 {[%emt 0:00:19]} 4. e3 {[%emt 0:01:18]} c5 {[%emt 0:01:39]} 5. dxc5 {[%emt 0:00:38]} e6 {[%emt 0:06:17]} 6. c4 {[%emt 0:00:22]} dxc4 {[%emt 0:00:38]} 7. Qxd8+ {[%emt 0:01:27]} Kxd8 {[%emt 0:00:03]} 8. Bxc4 {[%emt 0:00:08]} Bxc5 {[%emt 0:00:26]} 9. Nd2 {[%emt 0:01:21]} Ke7 {[%emt 0:00:57]} 10. Ngf3 {[%emt 0:00:42]} Bd7 {[%emt 0:06:48]} 11. O-O {[%emt 0:08:23]} Nc6 {[%emt 0:00:16]} 12. Rfc1 {[%emt 0:03:26]} Bb6 {[%emt 0:01:42]} 13. Be2 {[%emt 0:01:18]} Rac8 {[%emt 0:00:57]} 14. Kf1 {[%emt 0:04:15]} a6 {[%emt 0:05:09]} 15. a3 {[%emt 0:11:57]} Rc7 {[%emt 0:10:09]} 16. Rc3 {[%emt 0:17:17]} Rhc8 {[%emt 0:05:57]} 17. Rac1 {[%emt 0:04:21]} Na5 {[%emt 0:01:03]} 18. Rxc7 {[%emt 0:02:04]} Rxc7 {[%emt 0:00:25]} 19. Rxc7 {[%emt 0:00:29]} Bxc7 {[%emt 0:00:03]} 20. Nd4 {[%emt 0:04:12]} e5 {[%emt 0:01:50]} 21. Nc2 {[%emt 0:05:14]} f5 {[%emt 0:01:17]} 22. Nb4 {[%emt 0:01:11]} Be6 {[%emt 0:02:02]} 23. e4 {[%emt 0:02:12]} fxe4 {[%emt 0:04:25]} 24. Nxe4 {[%emt 0:00:16]} f5 {[%emt 0:00:39]} 25. Nc5 {[%emt 0:04:05]} Bf7 {[%emt 0:05:45]} 26. g4 {[%emt 0:01:38]} Bd6 {[%emt 0:01:11]} 27. Na4 {[%emt 0:00:29]} fxg4 {[%emt 0:02:36]} 28. Bxg4 {[%emt 0:11:15]} b5 {[%emt 0:01:04]} 29. Nc3 {[%emt 0:03:02]} Bxb4 {[%emt 0:00:13]} 30. axb4 {[%emt 0:00:04]} Nc6 {[%emt 0:00:15]} 31. Ke2 {[%emt 0:01:01]} Nxb4 {[%emt 0:00:06]} 32. Bc8 {[%emt 0:00:35]} Bg6 {[%emt 0:04:10]} 33. Bb7 {[%emt 0:01:30]} Kd6 {[%emt 0:00:18]} 34. Ke3 {[%emt 0:01:36]} Kc5 {[%emt 0:01:39]} 35. Bc8 {[%emt 0:01:01]} a5 {[%emt 0:02:48]} 36. Bd7 {[%emt 0:00:35]} Nc2+ {[%emt 0:08:47]} 37. Kd2 {[%emt 0:00:09]} Nd4 {[%emt 0:00:05]} 38. Ke3 {[%emt 0:00:21]} Kc4 {[%emt 0:01:14]} 39. Kd2 {[%emt 0:06:12]} b4 {[%emt 0:07:31]} 40. Na4 {[%emt 0:00:00]} Kb3 {[%emt 0:00:00]} 41. Kc1 {[%emt 0:05:25]} Ne2+ {[%emt 0:05:21]} 42. Kd2 {[%emt 0:00:25]} Nf4 {[%emt 0:00:04]} 43. Bb5 {[%emt 0:00:21]} e4 {[%emt 0:11:02]} 44. Nc5+ {[%emt 0:12:36]} Kxb2 {[%emt 0:05:11]} 45. Nb7 {[%emt 0:00:09]} Ne6 {[%emt 0:05:22]} 46. Nxa5 {[%emt 0:05:25]} Nd4 {[%emt 0:00:02]} 47. Bc4 {[%emt 0:01:06]} Nf3+ {[%emt 0:01:26]} 48. Ke3 {[%emt 0:00:12]} Nxh2 {[%emt 0:00:13]} 49. Kf4 {[%emt 0:00:20]} Nf3 {[%emt 0:02:18]} 50. Nb3 {[%emt 0:07:33]} Kc3 {[%emt 0:00:42]} 51. Bg8 {[%emt 0:01:21]} Nd2 {[%emt 0:01:52]} 52. Nc5 {[%emt 0:00:09]} Kd4 {[%emt 0:04:49]} 53. Ne6+ {[%emt 0:02:18]} Kd3 {[%emt 0:00:02]} 54. Kg3 {[%emt 0:00:53]} b3 {[%emt 0:06:31]} 55. Nc5+ {[%emt 0:00:53]} Kc2 {[%emt 0:00:05]} 56. Nxb3 {[%emt 0:00:34]} Nxb3 {[%emt 0:00:03]} 57. Kf4 {[%emt 0:00:09]} Nd2 {[%emt 0:01:06]} 58. Ke3 {[%emt 0:00:41]} Kc3 {[%emt 0:00:14]} 59. Be6 {[%emt 0:00:16]} Nc4+ {[%emt 0:03:22]} 60. Kf4 {[%emt 0:01:07]} Kd4 {[%emt 0:00:25]} 61. Bc8 {[%emt 0:00:42]} Ne5 {[%emt 0:00:15]} 62. Bb7 {[%emt 0:00:36]} Nd3+ {[%emt 0:00:04]} 63. Kg3 {[%emt 0:00:04]} Kc3 {[%emt 0:00:36]} 64. Ba6 {[%emt 0:00:43]} Kd2 {[%emt 0:00:05]} 0-1

[Event "FIDE Womens Grand Prix 2019-20"]
[Site "Skolkovo"]
[Date "2019.09.11"]
[Round "1.2"]
[White "Stefanova, Antoaneta"]
[Black "Goryachkina, Aleksandra"]
[Result "0-1"]
[WhiteElo "2491"]
[BlackElo "2564"]
[Annotator "ChessBase"]
[PlyCount "108"]
[EventDate "2019.09.11"]
[EventType "tourn"]
[EventCountry "RUS"]
[SourceTitle "playchess.com"]
[Source "ChessBase"]
[SourceQuality "1"]
[TimeControl "40/5400+30:1800+30"]

1. d4 {[%emt 0:00:00]} d5 {[%emt 0:00:00]} 2. c4 {[%emt 0:00:00]} dxc4 {[%emt 0:00:19]} 3. Nf3 {[%emt 0:01:53]} Nf6 {[%emt 0:00:34]} 4. Na3 {[%emt 0:03:39]} e5 {[%emt 0:03:10]} 5. e3 {[%emt 0:48:07]} exd4 {[%emt 0:10:59]} 6. Nxd4 {[%emt 0:00:27]} c5 {[%emt 0:06:44]} 7. Ne2 {[%emt 0:11:06]} Qxd1+ {[%emt 0:04:38]} 8. Kxd1 {[%emt 0:00:01]} Nc6 {[%emt 0:06:34]} 9. Nc3 {[%emt 0:02:01]} a6 {[%emt 0:07:37]} 10. Nxc4 {[%emt 0:02:46]} b5 {[%emt 0:02:45]} 11. Nb6 {[%emt 0:02:10]} Bg4+ {[%emt 0:01:53]} 12. f3 Rb8 {[%emt 0:06:08]} 13. a4 {[%emt 0:15:42]} Rxb6 {[%emt 0:12:26]} 14. axb5 {[%emt 0:00:12]} axb5 15. Ra8+ Kd7 {[%emt 0:01:58]} 16. fxg4 {[%emt 0:04:47]} Nxg4 {[%emt 0:03:30]} 17. Kc2 {[%emt 0:00:45]} Nf2 {[%emt 0:09:44]} 18. Rg1 {[%emt 0:00:13]} Nb4+ {[%emt 0:01:02]} 19. Kb1 {[%emt 0:00:41]} Nfd3 {[%emt 0:03:18]} 20. g3 {[%emt 0:01:54]} g6 {[%emt 0:02:39]} 21. Bh3+ {[%emt 0:00:50]} Kc7 {[%emt 0:01:08]} 22. Rf1 {[%emt 0:00:54]} f6 {[%emt 0:03:16]} 23. Bg2 {[%emt 0:01:30]} c4 {[%emt 0:02:35]} 24. Bd2 {[%emt 0:00:41]} Rb8 {[%emt 0:03:45]} 25. Rxb8 {[%emt 0:00:39]} Kxb8 {[%emt 0:00:02]} 26. Rxf6 {[%emt 0:00:15]} Bc5 {[%emt 0:00:36]} 27. Nxb5 {[%emt 0:00:48]} Rd8 {[%emt 0:00:10]} 28. Rf7 {[%emt 0:00:53]} Ne1 {[%emt 0:03:52]} 29. Rb7+ {[%emt 0:00:51]} Kc8 {[%emt 0:00:01]} 30. Rc7+ {[%emt 0:00:29]} Kb8 {[%emt 0:00:00]} 31. Bxb4 {[%emt 0:00:36]} Rd1+ {[%emt 0:00:09]} 32. Ka2 {[%emt 0:00:01]} Nc2 {[%emt 0:01:35]} 33. b3 {[%emt 0:00:56]} Nxb4+ {[%emt 0:00:28]} 34. Kb2 {[%emt 0:00:08]} Rd2+ {[%emt 0:00:44]} 35. Kb1 {[%emt 0:00:27]} Rxg2 {[%emt 0:02:07]} 36. bxc4 {[%emt 0:00:21]} Nd3 {[%emt 0:00:31]} 37. Rxh7 {[%emt 0:00:23]} Bxe3 {[%emt 0:00:43]} 38. Rd7 {[%emt 0:01:13]} Nc5 {[%emt 0:00:40]} 39. Re7 {[%emt 0:00:13]} Bg1 {[%emt 0:00:33]} 40. Na7 {[%emt 0:00:00]} Nd3 {[%emt 0:00:00]} 41. Nc6+ {[%emt 0:01:11]} Kc8 {[%emt 0:02:59]} 42. Rg7 {[%emt 0:03:23]} Rb2+ {[%emt 0:02:27]} 43. Ka1 {[%emt 0:04:38]} Rb6 {[%emt 0:01:59]} 44. Na7+ {[%emt 0:13:30]} Kd8 {[%emt 0:01:22]} 45. Nb5 {[%emt 0:03:27]} Bxh2 {[%emt 0:04:18]} 46. Ka2 {[%emt 0:00:30]} Bxg3 {[%emt 0:01:54]} 47. Kb3 {[%emt 0:00:01]} Be5 {[%emt 0:02:33]} 48. Rh7 {[%emt 0:00:05]} g5 {[%emt 0:00:40]} 49. Rh3 {[%emt 0:00:47]} Nf4 {[%emt 0:01:46]} 50. Re3 {[%emt 0:00:51]} Bf6 {[%emt 0:00:42]} 51. Kb4 {[%emt 0:01:11]} Be7+ {[%emt 0:02:06]} 52. Ka5 {[%emt 0:03:48]} Rg6 {[%emt 0:01:08]} 53. Re4 {[%emt 0:01:16]} Ne6 {[%emt 0:00:43]} 54. Rg4 {[%emt 0:00:22]} Nc7 {[%emt 0:02:17]} 0-1

[Event "FIDE Womens Grand Prix 2019-20"]
[Site "Skolkovo"]
[Date "2019.09.11"]
[Round "1.3"]
[White "Paehtz, Elisabeth"]
[Black "Kosteniuk, Alexandra"]
[Result "1/2-1/2"]
[WhiteElo "2479"]
[BlackElo "2495"]
[Annotator "TA"]
[PlyCount "60"]
[EventDate "2019.09.11"]
[EventType "tourn"]
[EventCountry "RUS"]
[SourceTitle "playchess.com"]
[Source "ChessBase"]
[SourceQuality "1"]

{[%evp 18,60,14,0,0,7,1,0,13,9,2,0,0,0,0,0,-12,-27,-10,0,0,0,0,0,0,0,0,0,0,0,0,0,0,0,0,0,0,0,0,0,0,0,0,0,0]} 1. d4 Nf6 2. c4 e6 3. g3 d5 4. Nf3 Bb4+ 5. Bd2 Be7 6. Bg2 O-O 7. O-O c6 8. Qc2 b6 9. Bf4 Nbd7 10. Rd1 Ba6 {E08: Closed Catalan: Main Line: 7 Qc2} (10... Bb7 11. Ne5 Nh5 12. Bd2 Nhf6 13. cxd5 cxd5 14. Nc6 Qe8 15. Nxe7+ Qxe7 16. Nc3 Rfc8 17. Qd3 a5 18. Rac1 h6 19. Be1 {½-½ (29) Grischuk,A (2766)-Anand,V (2764) Paris 2019}) 11. Ne5 Rc8 12. Nc3 Bxc4 13. Nxc4 dxc4 14. e4 b5 15. a4 a6 16. d5 $146 ({Predecessor:} 16. axb5 axb5 17. d5 cxd5 18. exd5 {½-½ (28) Kezin,R (2455)-Sjugirov,S (2650) Sochi 2017}) 16... cxd5 17. exd5 {[#] Black must now prevent d6.} e5 18. Bg5 {aiming for d6.The position is equal.} Bc5 19. axb5 axb5 20. Ra6 h6 21. Bh4 g5 {[#]} 22. Bxg5 $1 {[%mdl 512]} hxg5 23. Qf5 g4 24. Ne4 Bb6 $1 25. Nxf6+ Nxf6 26. Qg5+ Kh8 {Strongly threatening ...Rb8.} 27. Qh6+ Kg8 28. Qg5+ Kh8 {Hoping for ...Rb8.} 29. Qh6+ Kg8 30. Qg5+ Kh8 {Accuracy: White = 95%, Black = 97%.} 1/2-1/2

[Event "FIDE Womens Grand Prix 2019-20"]
[Site "Skolkovo"]
[Date "2019.09.11"]
[Round "1.4"]
[White "Gunina, Valentina"]
[Black "Kashlinskaya, Alina"]
[Result "1-0"]
[WhiteElo "2502"]
[BlackElo "2487"]
[Annotator "TA"]
[PlyCount "71"]
[EventDate "2019.09.11"]
[EventType "tourn"]
[EventCountry "RUS"]
[SourceTitle "playchess.com"]
[Source "ChessBase"]
[SourceQuality "1"]

{[%evp 12,71,0,0,0,0,0,0,0,-16,13,11,18,20,30,15,52,48,48,43,43,45,46,23,34,35,37,35,54,56,76,51,50,47,47,44,48,52,55,0,0,0,42,-13,0,0,0,0,472,486,458,431,406,165,307,298,29986,29987,29987,29988,29990,29991]} 1. d4 Nf6 2. c4 e6 3. Nf3 d5 4. Nc3 Bb4 5. Qa4+ Nc6 6. a3 Bxc3+ 7. bxc3 Ne4 {D38: Queen's Gambit Declined: Ragozin Defence (4 Nf3 Bb4)} 8. e3 Nxc3 9. Qc2 Ne4 {The position is equal.} 10. Bd3 Nf6 $146 ({Predecessor:} 10... Nd6 11. c5 Nf5 12. O-O h6 13. Rb1 O-O 14. Qc3 Nfe7 15. Bd2 {½-½ (33) Topalov,V (2760)-Anand,V (2779) Saint Louis 2016}) 11. O-O O-O 12. Rb1 Ne7 13. c5 c6 14. Ne5 Ng6 15. f4 Nd7 16. Bd2 f5 17. Nxd7 (17. a4 {with more complications.} Nf6 18. Nf3 Ne4 19. a5 Nh4 20. Be1) 17... Qxd7 18. a4 {[%cal Ba3a4,Ba4a5][%mdl 32]} Kh8 19. a5 {[%mdl 1024] White has compensation.} a6 20. Kh1 Qf7 21. Rg1 Ne7 {[%cal Bg6e7,Be7g8,Bg8f6,Bf6e4][%mdl 32]} 22. Be1 Ng8 23. g4 Nf6 24. g5 (24. gxf5 exf5 25. Bxf5 Re8 $15) 24... Ne4 25. g6 (25. Qg2 $14) 25... hxg6 $11 26. Bh4 e5 27. dxe5 (27. fxe5 $14 f4 28. exf4 (28. Bxe4 dxe4 29. Rbf1 f3 $11)) 27... Be6 28. Rg2 Rac8 29. Rbg1 $36 {[%mdl 2048] White is more active.} d4 $2 {[%mdl 8192]} (29... Kh7 $11) 30. Bxe4 $18 fxe4 31. Rxg6 {Black must now prevent Qe2.} Bf5 32. R6g5 (32. Rxg7 $142 Qxg7 33. Rxg7 Kxg7 34. exd4) 32... dxe3 (32... Rc7 $142) 33. Qb2 {And now e6! would win.} ({Less strong is} 33. Rxg7 Qxg7 34. Bf6 {[#]} (34. Rxg7 Kxg7 35. Bf6+ Kg6 $16) 34... Rxf6 $1 $16 {[%mdl 512]}) 33... Rg8 $2 {[#]} (33... Rc7 $18 34. Rxg7 Qxg7 35. Rxg7 Rxg7) 34. e6 $1 {[%mdl 512] White mates.} Bxe6 {[#]} 35. Qe5 $1 {[%mdl 512]} Rge8 36. Rxg7 {Accuracy: White = 60%, Black = 46%.} 1-0

[Event "FIDE Womens Grand Prix 2019-20"]
[Site "Skolkovo"]
[Date "2019.09.11"]
[Round "1.5"]
[White "Lagno, Kateryna"]
[Black "Sebag, Marie"]
[Result "1/2-1/2"]
[WhiteElo "2545"]
[BlackElo "2450"]
[Annotator "ChessBase"]
[PlyCount "67"]
[EventDate "2019.09.11"]
[EventType "tourn"]
[EventCountry "RUS"]
[SourceTitle "playchess.com"]
[Source "ChessBase"]
[SourceQuality "1"]
[TimeControl "40/5400+30:1800+30"]

1. e4 {[%emt 0:00:00]} c5 {[%emt 0:00:00]} 2. Nc3 {[%emt 0:00:00]} Nc6 {[%emt 0:00:49]} 3. Bb5 {[%emt 0:00:43]} Nd4 {[%emt 0:00:59]} 4. Nf3 {[%emt 0:00:25]} a6 {[%emt 0:05:05]} 5. Bc4 {[%emt 0:08:39]} b5 {[%emt 0:11:21]} 6. Bd5 {[%emt 0:01:52]} Rb8 {[%emt 0:02:03]} 7. Nxd4 {[%emt 0:02:51]} cxd4 {[%emt 0:00:06]} 8. Ne2 {[%emt 0:00:05]} Nf6 {[%emt 0:04:08]} 9. Nxd4 {[%emt 0:13:33]} e6 {[%emt 0:43:55]} 10. Bb3 {[%emt 0:00:29]} Nxe4 {[%emt 0:00:11]} 11. c3 {[%emt 0:11:12]} Bb7 {[%emt 0:00:42]} 12. O-O {[%emt 0:01:07]} Be7 {[%emt 0:01:25]} 13. Bc2 {[%emt 0:01:37]} Nf6 {[%emt 0:01:47]} 14. Nf3 {[%emt 0:03:26]} O-O {[%emt 0:00:47]} 15. d4 {[%emt 0:00:28]} Qc7 {[%emt 0:04:59]} 16. Re1 {[%emt 0:02:15]} b4 {[%emt 0:02:55]} 17. Qd3 {[%emt 0:04:16]} bxc3 {[%emt 0:03:06]} 18. bxc3 {[%emt 0:00:12]} Rbc8 {[%emt 0:03:02]} 19. Bd2 {[%emt 0:00:50]} Bd5 {[%emt 0:04:54]} 20. Ne5 {[%emt 0:07:03]} d6 {[%emt 0:00:43]} 21. Ng4 {[%emt 0:00:54]} g6 {[%emt 0:00:09]} 22. Ne3 {[%emt 0:02:15]} Bb7 {[%emt 0:02:24]} 23. Qe2 {[%emt 0:11:33]} Nd5 {[%emt 0:01:55]} 24. Rab1 {[%emt 0:11:13]} Nxe3 {[%emt 0:01:45]} 25. fxe3 {[%emt 0:03:02]} Bd5 {[%emt 0:00:24]} 26. Bb3 {[%emt 0:02:00]} Bc4 {[%emt 0:01:02]} 27. Qf3 {[%emt 0:00:26]} d5 {[%emt 0:01:00]} 28. e4 {[%emt 0:00:25]} dxe4 {[%emt 0:00:29]} 29. Qxe4 {[%emt 0:00:06]} Bf6 {[%emt 0:01:13]} 30. Bh6 {[%emt 0:03:06]} Bg7 {[%emt 0:00:51]} 31. Bxg7 {[%emt 0:00:15]} Kxg7 {[%emt 0:00:03]} 32. Re3 {[%emt 0:00:32]} Rb8 {[%emt 0:00:33]} 33. Rf3 {[%emt 0:03:16]} Rb5 {[%emt 0:00:44]} 34. Bxc4 {[%emt 0:02:42]} 1/2-1/2

[Event "FIDE Womens Grand Prix 2019-20"]
[Site "Skolkovo"]
[Date "2019.09.11"]
[Round "1.6"]
[White "Koneru, Humpy"]
[Black "Harika, Dronavalli"]
[Result "1/2-1/2"]
[WhiteElo "2560"]
[BlackElo "2503"]
[Annotator "ChessBase"]
[PlyCount "86"]
[EventDate "2019.09.11"]
[EventType "tourn"]
[EventCountry "RUS"]
[SourceTitle "playchess.com"]
[Source "ChessBase"]
[SourceQuality "1"]
[TimeControl "40/5400+30:1800+30"]

1. c4 {[%emt 0:00:00]} e5 {[%emt 0:01:08]} 2. Nc3 {[%emt 0:00:00]} d6 {[%emt 0:02:15]} 3. Nf3 {[%emt 0:03:19]} f5 {[%emt 0:01:21]} 4. d4 {[%emt 0:02:01]} e4 {[%emt 0:00:14]} 5. Ng5 {[%emt 0:03:12]} Be7 {[%emt 0:08:36]} 6. Nh3 {[%emt 0:00:17]} Nf6 {[%emt 0:00:10]} 7. e3 {[%emt 0:02:41]} O-O {[%emt 0:01:25]} 8. Be2 {[%emt 0:04:01]} c6 {[%emt 0:02:54]} 9. b4 {[%emt 0:11:23]} Na6 {[%emt 0:03:33]} 10. Rb1 {[%emt 0:05:56]} Nc7 {[%emt 0:01:25]} 11. O-O {[%emt 0:14:45]} Kh8 {[%emt 0:11:53]} 12. d5 {[%emt 0:04:57]} Bd7 {[%emt 0:03:35]} 13. Bb2 {[%emt 0:04:54]} Be8 {[%emt 0:04:32]} 14. f3 {[%emt 0:06:03]} b5 {[%emt 0:12:18]} 15. fxe4 {[%emt 0:05:27]} bxc4 {[%emt 0:00:32]} 16. exf5 {[%emt 0:11:30]} Nfxd5 {[%emt 0:08:55]} 17. Nxd5 {[%emt 0:00:10]} cxd5 {[%emt 0:00:18]} 18. Nf4 {[%emt 0:05:15]} Bf7 {[%emt 0:02:09]} 19. Bf3 {[%emt 0:01:43]} Rc8 {[%emt 0:06:48]} 20. Rc1 {[%emt 0:04:04]} Bf6 {[%emt 0:04:27]} 21. Bxf6 {[%emt 0:01:51]} Qxf6 {[%emt 0:00:05]} 22. Nxd5 {[%emt 0:00:35]} Nxd5 {[%emt 0:03:00]} 23. Bxd5 {[%emt 0:00:02]} c3 {[%emt 0:01:42]} 24. Rf2 {[%emt 0:02:41]} Qe5 {[%emt 0:01:37]} 25. e4 {[%emt 0:03:07]} h6 {[%emt 0:02:21]} 26. a3 {[%emt 0:00:41]} Rc7 {[%emt 0:04:20]} 27. Qd3 {[%emt 0:00:34]} Bxd5 {[%emt 0:00:15]} 28. exd5 {[%emt 0:01:04]} a5 {[%emt 0:03:38]} 29. b5 {[%emt 0:01:33]} Rc5 {[%emt 0:00:16]} 30. Rd1 {[%emt 0:00:34]} a4 {[%emt 0:01:19]} 31. h3 {[%emt 0:00:02]} Qe8 {[%emt 0:01:23]} 32. Rb1 {[%emt 0:00:21]} Qf7 {[%emt 0:01:04]} 33. Rd1 {[%emt 0:00:41]} Qe8 {[%emt 0:00:33]} 34. b6 {[%emt 0:00:17]} Qb5 {[%emt 0:00:04]} 35. Qxb5 {[%emt 0:00:37]} Rxb5 {[%emt 0:00:11]} 36. Rc1 {[%emt 0:00:40]} Rc8 {[%emt 0:01:33]} 37. Rfc2 {[%emt 0:00:31]} Rxb6 {[%emt 0:00:57]} 38. Rxc3 {[%emt 0:00:13]} Rxc3 {[%emt 0:00:11]} 39. Rxc3 {[%emt 0:00:07]} Rb5 {[%emt 0:01:37]} 40. Rc4 {[%emt 0:00:00]} Rxd5 {[%emt 0:00:00]} 41. Rxa4 {[%emt 0:05:32]} Rxf5 {[%emt 0:04:43]} 42. Rd4 {[%emt 0:00:09]} Ra5 {[%emt 0:00:09]} 43. Rxd6 {[%emt 0:02:28]} Rxa3 {[%emt 0:00:08]} 1/2-1/2

[Event "FIDE Womens Grand Prix 2019-20"]
[Site "Skolkovo"]
[Date "2019.09.13"]
[Round "3.1"]
[White "Stefanova, Antoaneta"]
[Black "Ju, Wenjun"]
[Result "1/2-1/2"]
[WhiteElo "2491"]
[BlackElo "2576"]
[Annotator "ChessBase"]
[PlyCount "112"]
[EventDate "2019.09.11"]
[EventType "tourn"]
[EventCountry "RUS"]
[SourceTitle "playchess.com"]
[Source "ChessBase"]
[SourceQuality "1"]
[TimeControl "40/5400+30:1800+30"]

1. e4 {[%emt 0:00:00]} e5 {[%emt 0:00:00]} 2. Nf3 {[%emt 0:00:00]} Nf6 {[%emt 0:00:26]} 3. Nxe5 {[%emt 0:00:02]} d6 {[%emt 0:00:03]} 4. Nf3 {[%emt 0:00:18]} Nxe4 {[%emt 0:00:05]} 5. Nc3 {[%emt 0:00:22]} Nxc3 {[%emt 0:00:13]} 6. dxc3 {[%emt 0:00:05]} Be7 {[%emt 0:00:26]} 7. Be3 {[%emt 0:00:40]} Nc6 {[%emt 0:00:29]} 8. Qd2 {[%emt 0:01:13]} Be6 {[%emt 0:00:13]} 9. O-O-O {[%emt 0:00:53]} Qd7 {[%emt 0:00:13]} 10. h3 {[%emt 0:00:57]} a6 {[%emt 0:04:50]} 11. Kb1 {[%emt 0:15:08]} O-O-O {[%emt 0:10:07]} 12. g4 {[%emt 0:06:11]} h5 {[%emt 0:03:40]} 13. g5 {[%emt 0:00:56]} Ne5 {[%emt 0:00:28]} 14. Bg2 {[%emt 0:08:54]} Qc6 {[%emt 0:25:44]} 15. Nxe5 {[%emt 0:20:21]} Qxg2 {[%emt 0:00:09]} 16. Nd3 {[%emt 0:00:22]} Qf3 {[%emt 0:11:02]} 17. h4 {[%emt 0:01:21]} Rhe8 {[%emt 0:02:37]} 18. Nf4 {[%emt 0:07:50]} Bg4 {[%emt 0:00:40]} 19. Nd5 {[%emt 0:02:01]} Qf5 {[%emt 0:06:30]} 20. Rde1 {[%emt 0:10:32]} Bf3 {[%emt 0:04:09]} 21. Nxe7+ {[%emt 0:01:46]} Rxe7 {[%emt 0:00:03]} 22. Bd4 {[%emt 0:01:02]} Re4 {[%emt 0:03:42]} 23. Rxe4 {[%emt 0:01:35]} Bxe4 {[%emt 0:00:40]} 24. Re1 {[%emt 0:00:58]} g6 {[%emt 0:00:42]} 25. Re3 {[%emt 0:11:04]} Re8 {[%emt 0:03:52]} 26. f3 {[%emt 0:05:36]} Bc6 {[%emt 0:00:03]} 27. Rxe8+ {[%emt 0:00:06]} Bxe8 {[%emt 0:00:02]} 28. f4 {[%emt 0:00:23]} Qe4 {[%emt 0:01:29]} 29. Bf2 {[%emt 0:00:17]} Bd7 {[%emt 0:00:05]} 30. b3 {[%emt 0:00:53]} Bf5 {[%emt 0:00:19]} 31. c4 {[%emt 0:00:10]} b5 {[%emt 0:03:51]} 32. cxb5 {[%emt 0:02:04]} axb5 {[%emt 0:00:03]} 33. a3 {[%emt 0:01:09]} Kb7 {[%emt 0:01:45]} 34. Kb2 {[%emt 0:00:09]} c5 {[%emt 0:01:08]} 35. Be1 {[%emt 0:00:38]} Kc6 {[%emt 0:01:09]} 36. Qf2 {[%emt 0:00:46]} d5 {[%emt 0:02:37]} 37. b4 {[%emt 0:00:33]} d4 {[%emt 0:00:44]} 38. bxc5 {[%emt 0:00:21]} d3 {[%emt 0:06:48]} 39. cxd3 {[%emt 0:00:20]} Qxd3 {[%emt 0:00:03]} 40. Qd2 {[%emt 0:00:00]} Qb1+ {[%emt 0:00:00]} 41. Kc3 {[%emt 0:01:52]} Kxc5 {[%emt 0:06:55]} 42. Bf2+ {[%emt 0:22:55]} Kc6 {[%emt 0:00:04]} 43. Kd4 {[%emt 0:02:32]} Qe4+ {[%emt 0:13:55]} 44. Kc3 {[%emt 0:00:02]} Qc4+ {[%emt 0:00:11]} 45. Kb2 {[%emt 0:00:01]} Kb7 {[%emt 0:00:05]} 46. Be3 {[%emt 0:02:27]} Qe4 {[%emt 0:01:42]} 47. Kc3 {[%emt 0:01:29]} Kc6 {[%emt 0:00:43]} 48. Bf2 {[%emt 0:00:31]} Kb7 {[%emt 0:04:31]} 49. Be3 {[%emt 0:00:05]} Qc6+ {[%emt 0:03:22]} 50. Kb2 {[%emt 0:00:27]} Qc4 {[%emt 0:01:02]} 51. Qc3 {[%emt 0:01:53]} Qe4 {[%emt 0:00:58]} 52. Qc5 {[%emt 0:00:43]} Qb1+ {[%emt 0:00:04]} 53. Kc3 {[%emt 0:00:06]} Qc2+ {[%emt 0:00:33]} 54. Kb4 {[%emt 0:00:52]} Qa4+ {[%emt 0:00:42]} 55. Kc3 {[%emt 0:00:01]} Qc2+ {[%emt 0:00:11]} 56. Kb4 {[%emt 0:00:01]} Qa4+ {[%emt 0:00:06]} 1/2-1/2

[Event "FIDE Womens Grand Prix 2019-20"]
[Site "Skolkovo"]
[Date "2019.09.13"]
[Round "3.2"]
[White "Paehtz, Elisabeth"]
[Black "Cramling, Pia"]
[Result "1/2-1/2"]
[WhiteElo "2479"]
[BlackElo "2487"]
[Annotator "ChessBase"]
[PlyCount "81"]
[EventDate "2019.09.11"]
[EventType "tourn"]
[EventCountry "RUS"]
[SourceTitle "playchess.com"]
[Source "ChessBase"]
[SourceQuality "1"]
[TimeControl "40/5400+30:1800+30"]

1. e4 {[%emt 0:00:00]} c5 {[%emt 0:00:00]} 2. Nf3 {[%emt 0:00:00]} Nc6 {[%emt 0:00:00]} 3. Bb5 {[%emt 0:00:00]} e6 {[%emt 0:00:00]} 4. O-O {[%emt 0:00:44]} Nge7 {[%emt 0:00:10]} 5. d4 {[%emt 0:00:05]} cxd4 {[%emt 0:00:51]} 6. Nxd4 {[%emt 0:00:05]} Qb6 {[%emt 0:00:26]} 7. Nxc6 {[%emt 0:00:05]} bxc6 {[%emt 0:00:30]} 8. Bd3 {[%emt 0:00:52]} Ng6 {[%emt 0:01:55]} 9. Qh5 {[%emt 0:11:04]} Bd6 {[%emt 0:26:38]} 10. Nc3 {[%emt 0:10:13]} Ba6 {[%emt 0:14:14]} 11. Na4 {[%emt 0:12:51]} Qb7 {[%emt 0:07:21]} 12. Nc5 {[%emt 0:02:35]} Bxc5 {[%emt 0:00:06]} 13. Qxc5 {[%emt 0:00:09]} Bxd3 {[%emt 0:01:05]} 14. cxd3 {[%emt 0:00:04]} Qb6 {[%emt 0:04:32]} 15. Qc3 {[%emt 0:05:54]} O-O {[%emt 0:05:08]} 16. Be3 {[%emt 0:00:10]} Qc7 {[%emt 0:00:14]} 17. Rac1 {[%emt 0:06:12]} Rfc8 {[%emt 0:05:12]} 18. b3 {[%emt 0:07:49]} d6 {[%emt 0:01:04]} 19. Rc2 {[%emt 0:01:12]} Qd7 {[%emt 0:02:10]} 20. Rfc1 {[%emt 0:01:54]} Ne7 {[%emt 0:01:29]} 21. g3 {[%emt 0:01:54]} a5 {[%emt 0:02:20]} 22. Qd2 {[%emt 0:04:03]} Qb7 {[%emt 0:01:39]} 23. Rc4 {[%emt 0:02:05]} c5 {[%emt 0:02:00]} 24. d4 {[%emt 0:03:13]} cxd4 {[%emt 0:09:36]} 25. Rxc8+ {[%emt 0:06:43]} Rxc8 {[%emt 0:08:20]} 26. Rxc8+ {[%emt 0:11:01]} Qxc8 {[%emt 0:00:25]} 27. Bxd4 {[%emt 0:00:16]} Qc7 {[%emt 0:03:15]} 28. Bb2 {[%emt 0:04:11]} f6 {[%emt 0:00:56]} 29. Ba3 {[%emt 0:00:49]} Nc8 {[%emt 0:00:10]} 30. Qe2 {[%emt 0:01:36]} Qc6 {[%emt 0:00:40]} 31. Qg4 {[%emt 0:01:31]} d5 {[%emt 0:00:53]} 32. exd5 {[%emt 0:00:11]} Qxd5 {[%emt 0:00:11]} 33. Qe2 {[%emt 0:03:56]} Kf7 {[%emt 0:00:48]} 34. h4 {[%emt 0:00:04]} Ne7 {[%emt 0:00:48]} 35. Bxe7 {[%emt 0:00:36]} Kxe7 {[%emt 0:00:01]} 36. Qc2 {[%emt 0:00:10]} h5 {[%emt 0:00:27]} 37. Qc7+ {[%emt 0:00:58]} Kf8 {[%emt 0:00:01]} 38. Qf4 {[%emt 0:00:58]} Kf7 {[%emt 0:00:39]} 39. Qe3 {[%emt 0:00:45]} e5 {[%emt 0:01:46]} 40. a3 {[%emt 0:00:00]} Kg6 {[%emt 0:00:00]} 41. Kh2 {[%emt 0:02:20]} 1/2-1/2